| 000 | 00786nam a2200253 a 4500 | ||
|---|---|---|---|
| 001 | 61421 | ||
| 003 | BD-RjUL | ||
| 005 | 20211209080949.0 | ||
| 008 | 170117s1988 nyua b 001 0 eng d | ||
| 020 | _a0816019010 | ||
| 035 | _a(BD-RjUL)61545 | ||
| 040 |
_aBD-RjUL _cBD-RjUL _dBD-RjUL _beng |
||
| 041 | _aeng | ||
| 082 | 0 | 0 |
_a658.3 _223 _bMAN 1988 |
| 245 | 0 | 0 |
_aManaging people / _c[A. Dale Timpe, editor]. |
| 260 |
_aNew York : _bFacts on File, _cc1988. |
||
| 300 |
_axiii, 376 p. : _bill. ; _c24 cm. |
||
| 500 | _aIncludes index. | ||
| 650 | 0 |
_aPersonnel management. _9170518 |
|
| 700 | 1 |
_aTimpe, A. Dale. _9183098 |
|
| 830 |
_aThe Art and science of business management ; _vv. 6 _9183099 |
||
| 942 |
_2ddc _cBK |
||
| 999 |
_c61421 _d61421 |
||